Datum a čas kvízu
17.5
Celkem bodů
Celkový počet nahraných bodů na tomto kvízu bez doplňovacích otázek.
3.
Pořadí na kvízu
Konečné umístění týmu na tomto kvízu.
Zaznamenané odpovědi
| # | Otázka | Odpověď | Body | Výsledky |
|---|---|---|---|---|
| 1. | V Praze byla v úterý symbolick... | na Karlově mostě | 1 | |
| 2. | Ve středu skončilo ruské refer... | do roku 2036 (uznáváme 2033 – 39) | 1 | |
| 3. | V pátek začala ve vybraných ki... | Tady Vary | 1 | |
| 4. | Do konce června museli čeští p... | Ivo Valenta | 0 | |
| 5. | Fotbalisté Baníku Ostrava se p... | proti chovu slepic v klecích | 0 | |
| 6. | Toto téma začneme poněkud netr... | Manželství na zkoušku/manželství na rok a den. | 1 | |
| 7. | Kromě Yoko Ono, i další manžel... | Ringo Starr | 1 | |
| 8. | Jedna z chotí československých... | D | 0 | |
| 9. | Americká herečka Joanne Woodwa... | Paul Newman | 0 | |
| 10. | Mysteriózní komediální americk... | 1C 2D 3B 4A | 0 |